Statistics for Byer i Skandinavien og Fennoscandia

Click here to take the quiz!

General Stats

  • This quiz has been taken 40 times
  • The average score is 16 of 22

Answers on the Map

Answers color-coded by a green-red scale on the quiz's map according to % correct below.
 

Answer Stats

LandBefolkningBy% Correct
Denmark217,075Aalborg
100%
Finland653,835Helsinki
100%
Denmark632,340København
100%
Sweden344,166Malmø
100%
Denmark204,895Odense
100%
Norway693,494Oslo
100%
Denmark349,983Aarhus
96%
Sweden974,073Stockholm
96%
Norway283,929Bergen
93%
Sweden579,281Gøteborg
89%
Norway205,163Trondheim
82%
Sweden147,734Helsingborg
75%
Norway143,574Stavanger
71%
Finland192,962Turku
68%
Sweden230,767Uppsala
61%
Finland205,489Oulu
54%
Finland238,140Tampere
54%
Sweden163,051Linköping
46%
Sweden154,049Västerås
36%
Finland289,731Espoo
32%
Sweden155,696Örebro
32%
Finland233,775Vantaa
29%

Score Distribution

Percentile by Number Answered

Percent of People with Each Score

Your Score History

You have not taken this quiz